Provinces of Iraq Quiz Stats

 Plays Quiz Updated Sep 13, 2019

Score 0/19 Timer 07:00
21 Plays Today
% Correct
Baghdad
94%
Al-Basrah
64%
Ninawa
61.7%
Al-Anbar
60.4%
Kirkuk
59.4%
Arbil
55.6%
Dahuk
49.4%
Wasit
48.3%
Babil
44.5%
Diyala
43.2%
% Correct
Maysan
38.3%
An-Najaf
37.7%
Karbalā'
36.7%
Dhi Qar
35.9%
Salah ad-Din
34.8%
Halabja
32.7%
Al-Muthanna
30.6%
As-Sulaymaniyah
26.9%
Al-Qādisiyyah
25%

You're not logged in!

Compare scores with friends on all Sporcle quizzes.
OR
Log In

Sporcle TV

Today on Sporcle TV


Watch our educational content, quiz creation guides, and fun videos on Sporcle TV.

Show Comments

Extras

Top Quizzes Today


Score Distribution

Your Account Isn't Verified!

In order to create a playlist on Sporcle, you need to verify the email address you used during registration. Go to your Sporcle Settings to finish the process.

Report this User

Report this user for behavior that violates our Community Guidelines.

Details: